| 000 | 01459nam a2200301 a 4500 | ||
|---|---|---|---|
| 003 | BLK | ||
| 005 | 20250723090538.0 | ||
| 008 | 230329b bu |||||||||| 00| | bu d | ||
| 020 | _a9786192290801 | ||
| 040 | _aBLK | ||
| 041 |
_aBUL _cBUL |
||
| 080 |
_aИздания за деца и юноши. Книжки-картинки. Читанки. Вж и 372.4 _b087.5 _z087.5 |
||
| 080 |
_aАмериканска литература (на САЩ) _b821.111(73) _x-93-34 _z821.111(73)-93-34 |
||
| 100 |
_91299 _aМойл, Сабрина |
||
| 245 |
_aТатко ми е страхотен _cСабрина Мойл ; ил. Юнис Мойл, Георги Вълков ; прев. Диана Бойчева. |
||
| 260 |
_9487273 _aСофия _bРакета _c2022 |
||
| 300 |
_a24 с. _bс цв. ил. _c18х18 см |
||
| 380 | _aDX | ||
| 500 | _aКор. опис. Ориг. загл.: My dad is amazing. Кн. от поредицата Здравей, щастие! Кн. отпеч. на ламиниран картон. | ||
| 700 |
_9599 _aМойл, Юнис _eил. |
||
| 700 |
_aВълков, Георги Владимиров _9488218 |
||
| 700 |
_9488166 _aБойчева, Диана Пламенова _eпрев. |
||
| 852 |
_aЦб І 42496 _bЦб |
||
| 856 |
_i0.00 _ldisable |
||
| 942 |
_cKNG _n0 _s1 _010 |
||
| 944 |
_aCR _c2023-07-07 _k30564 _lАнна Гръцманова |
||
| 999 |
_c492558 _d492558 |
||